000
00371nam a22001577a 4500
003
MPLRDC
005
20220104123640.0
008
210129b ||||| |||| 00| 0 eng d
082
_a
415.53 YDW
100
_a
杨大伟译
245
_a
肝脏病防治和食疗
_c
260
_a
_b
新医出版社
_c
1988
300
_b
平
650
_a
肝病
942
_c
BK
_o
415.53 YDW
999
_c
13085
_d
13075